000 00421nam a2200169Ia 4500
008 221030s9999 xx 000 0 und d
020 _a8126503378
041 _aEnglish
082 _a105.23
100 _aD. Harkey
245 0 _aWirelwss Java Programming for Enterprise Applications
260 _bWilley Pub.
_aNew Delhi
_c2002
300 _a690
650 _aCSE Career Award
700 _aS. Appajodu
942 _cBK
999 _c6353
_d6353